000
00207nam a22001097a 4500
040
_c
SK
082
_a
635
100
_a
NA
245
_a
Propagating and planting trees
260
_a
NA
_b
NA
_c
2002
942
_c
EK
999
_c
9500
_d
9500